header

Textbook of psychoanalysis (Record no. 75595)

MARC details
000 -LEADER
fixed length control field 01461nam a2200373Ia 4500
082 04 - DEWEY DECIMAL CLASSIFICATION NUMBER
Classification number 616.89/17
245 00 - TITLE STATEMENT
Title Textbook of psychoanalysis
250 ## - EDITION STATEMENT
Edition statement 2nd ed.
260 ## - PUBLICATION, DISTRIBUTION, ETC. (IMPRINT)
Place of publication Washington, DC :
Name of publisher American Psychiatric Pub.,
Year of publication c2012.
300 ## - PHYSICAL DESCRIPTION
Number of Pages xvi, 620 p.
500 ## - GENERAL NOTE
General note Rev. ed. of: American Psychiatric Publishing textbook of psychoanalysis. 1st ed. c2005.
650 #0 - SUBJECT ADDED ENTRY--TOPICAL TERM
Topical Term Psychoanalysis
Topical Term Psychotherapy.
700 1# - ADDED ENTRY--PERSONAL NAME
Personal name Gabbard, Glen O.
Personal name Litowitz, Bonnie E.
Personal name Williams, Paul,
856 40 - ELECTRONIC LOCATION AND ACCESS
Uniform Resource Identifier http://site.ebrary.com/lib/rucke/Doc?id=10617409

No items available.

© 2026 Rongo University
Contact us: librarian | system librarian | Rongo university